Quizzes
Events
Quiz Creation
Community
Videos
Private Events
Remove Ads
Sign In
Join for FREE
Feedback
Dark Mode
Quiz Categories
Sports
Geography
Music
Movies
Television
Just For Fun
Miscellaneous
History
Literature
Language
Science
Gaming
Entertainment
Religion
Holiday
For Kids
Quiz Lab
Recent
Popular Today
Quiz Kudos Today
Editor Picks
Curator Picks
Quizzes by...
Day
Popularity
Type
Ratings
Length
Year
Community
Subscriptions
Recent Discussions
Orange Saloon
Badges
Playlists
Quests
Create
Leaderboards
Showdown
Live 5
Trivia Bingo
Activity
Puzzle Library
Sporcle Events
Private Events
Virtual Trivia
Globe League
Become a Host
Pub Owners
SporcleCon
Opinionation
Our Games
Videos
Blog
Mobile Apps
Partnerships
Remove Ads and Go Orange
Feedback
Sports
Athletes
MLB
NBA
NHL
NFL
Soccer
Sports Teams
WWE
NCAA
Football
Premier League
Basketball
Baseball
Hockey
Golf
Tennis
Cricket
Rugby
Auto Racing
Olympics
World Cup
Sports
Athletes
MLB
NBA
NHL
NFL
Soccer
Sports Teams
WWE
NCAA
Football
Premier League
Basketball
Baseball
Hockey
Golf
Tennis
Cricket
Rugby
Auto Racing
Olympics
World Cup
Random Quiz
Search Sporcle
×
Quiz Lab
Quiz Lab
Sports
MLB
Type in answers that appear in a list
Type in answers that appear in a list
Classic
Best Score? Go Orange.
20 game winners of the eighties Stats
Can you name the 20 game winners of the eighties?
By
grouchoatty
10m
29 Questions
471 Plays
471 Plays
471 Plays
Comments
Comments
Give Quiz Kudos
Give Quiz Kudos
-
- Ratings
hide this ad
Replay
Link that replays current quiz
Next Quiz
Link to next quiz in quiz playlist
You Got
0%
They Got
Avg Score
77%
Avg Friend Score
Upgrade to see
Score Distribution
Jump to the score distribution portion of the page
Score
0/29
Timer
10:00
0
Plays Today
Team
Player
% Correct
Red Sox
Roger Clemens
97.2%
Mets
Dwight Gooden
95.1%
Royals
Bret Saberhagen
94.5%
Phillies
Steve Carlton
93.6%
Athletics
Dave Stewart
93.4%
Yankees
Ron Guidry
93.2%
Tigers
Jack Morris
92.1%
Dodgers
Orel Hershiser
90.7%
Astros
Mike Scott
90%
Dodgers
Fernando Valenzuela
88.7%
Twins
Frank Viola
86%
Orioles
Steve Stone
81.5%
Mets
David Cone
80.9%
White Sox
Lamarr Hoyt
79.8%
Cardinals
John Tudor
79.8%
Team
Player
% Correct
Cardinals
Joaquin Andujar
77.3%
Brewers
Teddy Higuera
73.5%
Reds
Tom Browning
70.7%
Orioles
Mike Boddicker
68.4%
Yankees
Tommy John
67.5%
Royals
Dennis Leonard
67.1%
Royals
Mark Gubicza
67.1%
Indians/
Cubs
Rick Sutcliffe
65.8%
Astros
Joe Niekro
64.8%
Reds
Danny Jackson
64.1%
Athletics
Mike Norris
62.6%
Orioles
Scott McGregor
60.7%
White Sox
Richard Dotson
55.4%
Giants
Mike Krukow
48.4%
Quiz Playlist
Details
Report
Send in Message
Add To Playlist
Classic:
Type in answers that appear in a list
Last Updated: Feb 16, 2017
Quiz Scoreboard
CHALLENGE
Sign Up to Join the Scoreboard
Show All
Scores
Hide
Comments
May contain spoilers
Recently Published
9x9 Crossword: Cartoon Network
by jackfrog10
Miscellaneous
3m
College Basketball Coaching Resumes
by pancakes188
Sports
9m
Billboard Blitz: Fleetwood Mac
by CooCooCachoo
Music
15s
More to Explore
Quiz From the Vault
Featured Blog Post
Where Did the Easter Bunny Come From?
hide this ad
You Might Also Like...
Tags
Baseball Quiz
MLB Quiz
1980s
20-Game
Player
team
Winner
Today's Top Quizzes in Sports
Browse Sports
hide this ad
Today's Top Quizzes in MLB
Browse MLB
Top Contributed Quizzes in Sports
1
2022 World Cup Stars
2
Les meilleurs buteurs des matchs entre le PSG et l’OM
3
FIFA Club World Cup Champions
4
Les entraîneurs de l'OM et du PSG au 21e siècle
5
Criteria MLB: Left Handed Sluggers
6
2023 MLB Unique Player Accomplishments
7
AFC Teams Reveal (Wrong Answers Minefield)
8
Players with Multiple 50 Home Run Seasons
9
5-to-1: FBS Animal Nicknames
10
5-to-1: UK Sports Teams
Explore More
Trending Topics
Kpop
Marvel
Crossword
Harry Potter
NBA
Anime
Disney
Puzzle
Song
Pokémon
Soccer
The Office
NFL
Country
WWE
hide this ad
More By:
grouchoatty
Quiz
Plays
Rating
Category
Featured
Created
1,000 RBIs, One Team
28,272
4.76
Sports
Aug 18, 2012
NBA All Star Rosters 1970-1979
938
4.60
Sports
Feb 14, 2012
Great Comedic Movie Quotes
886
4.50
Movies
Apr 18, 2010
150 Highest Yankee HR Hitter
885
4.57
Sports
Mar 5, 2012
Top 5 Yankee Home Run Hitters 1955-2011
835
5.00
Sports
Jul 18, 2012
Go to Creator's Profile
Score Distribution
Quiz Creator Spotlight
grouchoatty
Follow
Send a Message
Quizzes Created
-
Created Quiz Play Count
-
More By This Creator
Popular Quizzes Today
1
Find the US States - No Outlines Minefield
2
Find the Countries of Europe - No Outlines Minefield
3
The Countries of the World
4
Find the US States
5
Risky Map Clicking: Biggest States A-Z
6
US States
7
Popular People in 1961
8
Movies - When Are They Set?
More Sports Quizzes
Ultimate NBA 2000s (Single Game Edition)
Published
Trending Quizzes
Risky Map Clicking: Least Populous States A-Z
1-10 Letter G Words
Risky Map Clicking: Next State Alphabetically
Adjectives in 80s TV Shows
Risky Map Clicking: Biggest States A-Z
Recently Updated
Leaping Animals
pecheneg
Reality TV Shows (A-Z)
bhenderson79
Rickey Henderson's Hall of Fame Teammates
pecheneg
Champions League XIs: Arsenal
pecheneg
Quick Pick: Celebrities in WWE's Hall of Fame
aduchscher
A-Z Keypad Blitz II
pecheneg
Multiple Oscar Actors
pecheneg
Mystery Phrase Blitz: Oscar 'Best Actors'
pecheneg
F. Scott Fitzgerald Novels
LTH
Pick 3 Villains
ddd62291
Trending Topics
Marvel
Kpop
NBA
Anime
Crossword
Harry Potter
Disney
Song
WWE
Soccer
The Office
Puzzle
Country
NFL
Pokémon
Your Account Isn't Verified!
In order to create a playlist on Sporcle, you need to verify the email address you used during registration. Go to your
Sporcle Settings
to finish the process.
Report this User
Report this user for behavior that violates our
Community Guidelines
.
Details:
Send Report
Go to the Sporcle.com Mobile Site →
Comments